Integrating asylum seekers and refugees into higher education in Europe national policies and measures

Bibliographic Details
Format: Book
Language:English
PhysicalDescription:32 strán grafy, mapy, tabuľky 29 cm
Published: Brussels Education, Audiovisual and Culture Executive Agency 2019
ISBN:9789294929136
Subjects:

MARC

LEADER 00000cam a2200000 4500
001 vtls011869794
003 SK-MaSNL
005 20260301224730.0
008 220509s2019 be dbl frn 000 0 eng
015 |a SNBA2019 
020 |a 9789294929136  |q (brožované) 
035 |a urn:nbn:sk:snk-am00ggcj 
035 |a urn:nbn:sk:snk-am3j5j1 
035 |a 2F9EA1C6-768F-4A88-939B-26A71E9BFD6E 
040 |a SNK  |b slo  |c SNK  |e rda 
041 0 |a eng 
043 |a e------ 
044 |a be  |c BE 
072 7 |a 316.4  |x Sociálne procesy  |2 konspekt 
072 7 |a 323  |x Vnútropolitický vývoj, politický život  |2 konspekt 
072 7 |a 314  |x Demografia. Populácia  |2 konspekt 
080 |a 316.4.063.3  |2 2011 
080 |a 314.151.3-054.73  |2 2011 
080 |a 323  |2 2011 
080 |a (048.8)  |2 2011 
080 |a 378  |2 2011 
245 0 0 |a Integrating asylum seekers and refugees into higher education in Europe  |b national policies and measures 
264 1 |a Brussels  |b Education, Audiovisual and Culture Executive Agency  |c 2019 
300 |a 32 strán  |b grafy, mapy, tabuľky  |c 29 cm 
336 |a text  |b txt  |2 rdacontent 
337 |a bez média  |b n  |2 rdamedia 
338 |a zväzok  |b nc  |2 rdacarrier 
500 |a Vysvetlivky krajín na strane 4 ; poznámky pod čiarou 
504 |a Bibliografia na strane 27 ; obsahuje bibliografické odkazy 
650 0 7 |a integrácia  |2 SNKPH  |9 24105 
650 0 7 |a vnútorná politika  |2 SNKPH  |9 970 
650 0 7 |a žiadatelia o azyl  |2 SNKPH  |9 599162 
650 0 7 |a utečenci  |2 SNKPH  |9 993 
650 0 7 |a opatrenia  |2 SNKPH  |9 373813 
650 0 7 |a vysokoškolské štúdium  |2 SNKPH  |9 4044 
650 0 7 |a Integration  |2 SNKPHeng  |9 323091 
650 0 7 |a Refugees  |2 SNKPHerng  |9 313782 
650 0 7 |a College study  |2 SNKPHeng  |9 265848 
650 0 7 |a Internal policy  |2 SNKPHeng  |9 270122 
651 7 |a Európa  |2 SNKPHgeo  |9 167569 
651 7 |a Europe  |2 SNKPHeng  |9 56249 
655 7 |a štúdie  |2 SNKPH  |9 57033 
655 7 |a Studies  |2 SNKPHeng  |9 265573 
919 |a 978-92-9492-913-6 
958 |a TL 
958 |a SP 
958 |a NB 
999 |c 948367  |d 950297 
952 |a SNK  |b SNK  |y PREZ  |7 0  |p 17A1363608  |o snkSB 94349  |i snk2019/15622  |8 1  |0 0  |1 0  |4 0  |d 2019-06-06  |f 1  |l 0  |r 2025-05-14 00:00:00  |w 2026-02-24